| 000 | 00718cam a2200181 i 4500 | ||
|---|---|---|---|
| 005 | 20260128092353.0 | ||
| 008 | 250721s2016 jo gr 000 0 ara d | ||
| 082 | 1 | 4 |
_a362.29 _bح ش ي |
| 100 | 1 |
_aحشيمة، محمد محي الدين _eمؤلف. |
|
| 245 | 1 | 2 |
_aالمسؤولية المشتركة بين الأسرة و المجتمع في الحد من التدخين عند الأبناء / _cتأليف محمد محي الدين حشيمة. |
| 250 | _aالطبعة الاولى. | ||
| 264 | 3 | 1 |
_aعمان : _bمكتبة ملاك، _c2016. |
| 300 | _a356 صفحة. | ||
| 650 | 1 | 7 | _aالمشاكل الأجتماعية. |
| 650 | 1 | 7 | _aالتدخين. |
| 942 |
_2ddc _cBK |
||
| 999 |
_c134327 _d134327 |
||